000 00448nam a2200181Ia 4500
001 11657
005 20260306162844.0
008 260306t1975||||xx |||||||||||||| ||spa||
041 _aESP
082 _a985.7
_bS21
100 _aSan Román, Jesús Víctor
_eAUT
245 0 _aPerfiles históricos de la Amazonía peruana
260 _c1975
300 _a240 páginas :
_c21 cm.
650 _aGEN
654 _aCHU
942 _cLIB
_dJUS
_fJUS
_2ddc
_n
999 _c11657
_d11657